Borders a 'D' Country Minefield Quiz Stats

 Plays Quiz Updated Jul 2, 2018

Challenge
Share
Tweet
Embed
Score 0/15 Timer 03:00
2 Plays Today
First Letter Country % Correct
G???
86.2%
H???
58.1%
E???
57.6%
E???
54.2%
R???
51.5%
S???
47.2%
U???
45.1%
R???
44.8%
First Letter Country % Correct
Z???
43.3%
C???
42.5%
A???
42.5%
B???
38.2%
T???
35.5%
S???
30.2%
Mine???
29.5%

You're not logged in!

Compare scores with friends on all Sporcle quizzes.
Join for Free
OR
Log In

You Might Also Like...

Show Comments

Extras

Top Quizzes Today


Score Distribution

Your Account Isn't Verified!

In order to create a playlist on Sporcle, you need to verify the email address you used during registration. Go to your Sporcle Settings to finish the process.

Report this User

Report this user for behavior that violates our Community Guidelines.

Details: